Представление документа в формате RUSMARC

ПолеНазваниеЗначение
  Тип записи a
  Библиографический уровень a
001 Контрольный номер RU/CBS_UL/BASE/f533b4a8bb58461594d4e5f3c1bc01fb
005 Дата корректировки 20240430172117.5
100 Данные общей обработки __
a Данные общей обработки 20240430 ||| 0rusy0189 ca
101 Язык документа 0_
a Язык текста rus
102 Страна публикации __
a Страна публикации RU
200 Заглавие и сведения об ответственности 1_
a Заглавие Работа с текстом при подготовке к ОГЭ по русскому языку
e Сведения, относящиеся к заглавию [план урока]
f Первые сведения об ответственности Н. Федотова
300 Общие примечания __
a Общие примечания 16+
461 Уровень набора _0
1 2000
a Магариф
463 Уровень физической единицы _0
1 2000
a № 4
v С. 41-49
1 2101
d 2024
1 001RU/CBS_UL/BASE/a0e6a9d454ba41339ab7d6545a9b59c7
606 Тематические рубрики 0_
a Основная рубрика Методика преподавания русского языка
610 Ключевые слова 0_
a Ключевые слова уроки
610 Ключевые слова 0_
a Ключевые слова уроки в школе
610 Ключевые слова 0_
a Ключевые слова уроки в старших классах
610 Ключевые слова 0_
a Ключевые слова уроки по русскому языку
610 Ключевые слова 0_
a Ключевые слова цели урока
610 Ключевые слова 0_
a Ключевые слова ход урока
686 Индексы других классификаций __
2 Код системы rubbk
a Классификационный индекс 74.268.1Рус
700 Автор _1
a Фамилия Федотова
b Имя (инициалы) Н.
801 Источник записи _0
a Страна RU
b Организация МБУК ЦБС г. Ульяновска
c Дата составления 20240430
g Правила каталогизации RCR
801 Источник записи _1
a Страна RU
b Организация МБУК ЦБС г. Ульяновска
c Дата составления 20240430
g Правила каталогизации RCR
901 Тип документа __
t Тип документа b
w Контрольный № источника RU/CBS_UL/BASE/a0e6a9d454ba41339ab7d6545a9b59c7
909 Создатель записи __
a Создатель записи lib17